[Event "CCM3 - 10. ORDIX Open"]
[Site "Mainz"]
[Date "2003.??.??"]
[Round "5"]
[White "Kasimdzhanov, Rustam"]
[Black "Volokitin, Andrei"]
[Result "1-0"]
[WhiteElo "2664"]
[BlackElo "2597"]
[PlyCount "155"]
[EventDate "2003.??.??"]
[EventType "rapid"]
[EventCountry "GER"]
[Source "Mike Rosa"]
[SourceDate "2009.01.01"]

1. d4 Nf6 2. Nf3 e6 3. c4 c5 4. e3 Be7 5. Nc3 O-O 6. Bd3 d6 7. O-O b6 8. Qe2
Bb7 9. Rd1 a6 10. dxc5 bxc5 11. b3 Nbd7 12. Bb2 Qc7 13. Rac1 Rfd8 14. Ng5 h6
15. Nge4 Bc6 16. Bb1 Nxe4 17. Bxe4 Bf6 18. Bxc6 Qxc6 19. Rd2 Nf8 20. Rcd1 Rd7
21. Qf3 Qxf3 22. gxf3 Rad8 23. Na4 Bxb2 24. Rxb2 Ng6 25. Kf1 Kf8 26. Rbd2 Ke7
27. Nb6 Rc7 28. f4 Rc6 29. Na4 Nh4 30. Ke2 g5 31. fxg5 hxg5 32. Rg1 Rg8 33. h3
Rcc8 34. Nc3 f5 35. Rgd1 Rcd8 36. a3 Ng6 37. b4 cxb4 38. axb4 Rc8 39. Rxd6 Rxc4
40. Na4 Rxb4 41. Nc5 Rb2+ 42. Kf1 Nf8 43. Rxa6 g4 44. hxg4 Rxg4 45. Ra7+ Kf6
46. Rd8 Ng6 47. Ra6 Rb1+ 48. Ke2 Rb2+ 49. Kd3 Rxf2 50. Rxe6+ Kg5 51. Kc3 Rgg2
52. Nd3 f4 53. Nxf2 Kf5 54. Rxg6 Rxg6 55. Rf8+ Ke5 56. Rxf4 Rg3 57. Kd2 Rg2 58.
Ke2 Rg3 59. Nd3+ Kd5 60. Rd4+ Ke6 61. Nf4+ Ke5 62. Rd5+ Ke4 63. Rd4+ Ke5 64.
Kf2 Rg8 65. Kf3 Rh8 66. Ra4 Rh1 67. Ra5+ Kf6 68. Ke4 Re1 69. Ra6+ Ke7 70. Nd5+
Kd7 71. Ke5 Rd1 72. e4 Rh1 73. Kd4 Rh4 74. Ke5 Rh5+ 75. Kf4 Rh4+ 76. Kf3 Rh3+
77. Kf4 Rh4+ 78. Kg5 1-0

[Event "CCM3 - 10. ORDIX Open"]
[Site "Mainz"]
[Date "2003.??.??"]
[Round "6"]
[White "Aleksandrov, Aleksandar"]
[Black "Agrest, Evgenij"]
[Result "0-1"]
[WhiteElo "2659"]
[BlackElo "2605"]
[PlyCount "91"]
[EventDate "2003.??.??"]
[EventType "rapid"]
[EventCountry "GER"]
[Source "Mike Rosa"]
[SourceDate "2009.01.01"]

1. d4 d5 2. c4 c6 3. Nf3 Nf6 4. e3 Bg4 5. h3 Bh5 6. Nc3 e6 7. g4 Bg6 8. Ne5
Nbd7 9. Nxg6 hxg6 10. cxd5 cxd5 11. Bd2 a6 12. Bg2 g5 13. Qb3 Rb8 14. O-O-O b5
15. Kb1 Be7 16. f4 b4 17. Ne2 gxf4 18. exf4 O-O 19. Ng3 Nb6 20. f5 Nc4 21. g5
Ne8 22. h4 Qc7 23. Nh5 Na3+ 24. Ka1 Nc2+ 25. Kb1 Nxd4 26. Qd3 Nxf5 27. Nf4 Qc4
28. Bf1 Ned6 29. g6 Qe4 30. Rg1 Bxh4 31. Rg4 a5 32. Ka1 Qxd3 33. Bxd3 Bf6 34.
Re1 Rfe8 35. Kb1 Nc4 36. Bc1 Ne5 37. Bxf5 exf5 38. Rg2 fxg6 39. Nxd5 Kf7 40.
Rf1 Nd3 41. Rd2 Nxc1 42. Rxc1 Bg5 43. Rc7+ Kg8 44. Rg2 Re1+ 45. Kc2 Rc1+ 46.
Kb3 0-1

[Event "CCM3 - 10. ORDIX Open"]
[Site "Mainz"]
[Date "2003.??.??"]
[Round "6"]
[White "Fridman, Daniel"]
[Black "Grischuk, Alexander"]
[Result "0-1"]
[WhiteElo "2592"]
[BlackElo "2732"]
[PlyCount "60"]
[EventDate "2003.??.??"]
[EventType "rapid"]
[EventCountry "GER"]
[Source "Mike Rosa"]
[SourceDate "2009.01.01"]

1. d4 Nf6 2. Nf3 d5 3. c4 e6 4. g3 dxc4 5. Qa4+ c6 6. Qxc4 b5 7. Qc2 Bb7 8. Bg2
Nbd7 9. O-O c5 10. a4 b4 11. Nbd2 Rc8 12. Qd3 Be7 13. b3 cxd4 14. Nxd4 Rc3 15.
Qb5 Bxg2 16. Kxg2 Qa8+ 17. N4f3 a6 18. Qg5 h6 19. Qxg7 Rh7 20. Qxh7 Nxh7 21. h4
Nhf6 22. Rb1 Rc2 23. Kg1 Nd5 24. Nd4 Rc8 25. Nc4 h5 26. Bb2 Nc3 27. Ra1 Qe4 28.
e3 e5 29. Bxc3 bxc3 30. Ne2 Qc2 0-1

[Event "CCM3 - 10. ORDIX Open"]
[Site "Mainz"]
[Date "2003.??.??"]
[Round "6"]
[White "Huzman, Alexander"]
[Black "Graf, Alexander"]
[Result "1-0"]
[WhiteElo "2574"]
[BlackElo "2659"]
[PlyCount "73"]
[EventDate "2003.??.??"]
[EventType "rapid"]
[EventCountry "GER"]
[Source "Mike Rosa"]
[SourceDate "2009.01.01"]

1. d4 Nf6 2. Nf3 e6 3. c4 b6 4. g3 Ba6 5. Qb3 c6 6. Bf4 Be7 7. Nc3 O-O 8. e4 d5
9. cxd5 Bxf1 10. Kxf1 cxd5 11. exd5 Nxd5 12. Nxd5 Qxd5 13. Qxd5 exd5 14. Rc1
Rd8 15. Kg2 f6 16. Rc7 Bf8 17. Rhc1 g5 18. Bd2 Bd6 19. Rb7 Nd7 20. h4 h6 21.
hxg5 hxg5 22. Nh2 Kf7 23. Ng4 Kg6 24. Rh1 Bf8 25. Ne3 a5 26. Rc1 Rab8 27. Rcc7
Rxb7 28. Rxb7 a4 29. a3 Bd6 30. Nxd5 Nc5 31. Rxb6 Ne4 32. Be3 Bf8 33. Nc7 Rc8
34. Ne6 Bd6 35. Kf3 Kf5 36. Ng7+ Kg6 37. Kxe4 1-0

[Event "CCM3 - 10. ORDIX Open"]
[Site "Mainz"]
[Date "2003.??.??"]
[Round "6"]
[White "Vallejo Pons, Francisco"]
[Black "Sokolov, Ivan"]
[Result "0-1"]
[WhiteElo "2662"]
[BlackElo "2693"]
[PlyCount "72"]
[EventDate "2003.??.??"]
[EventType "rapid"]
[EventCountry "GER"]
[Source "Mike Rosa"]
[SourceDate "2009.01.01"]

1. Nf3 d5 2. d4 Nf6 3. c4 c6 4. Nc3 a6 5. e3 b5 6. b3 Bg4 7. h3 Bxf3 8. gxf3
Nbd7 9. f4 e6 10. c5 Ne4 11. Nxe4 dxe4 12. Bg2 f5 13. f3 Nf6 14. fxe4 fxe4 15.
Qc2 Qd5 16. a4 b4 17. Bd2 g5 18. Rf1 Rg8 19. fxg5 Rxg5 20. Bxb4 Be7 21. Ba5 Rg3
22. O-O-O Rxe3 23. Kb2 Rb8 24. Bb6 Kd7 25. Ka2 Rg8 26. Rb1 Rgg3 27. Rfc1 Qxd4
28. Bf1 Nd5 29. Ba5 Bf6 30. Bc4 Ref3 31. Rf1 Ne3 32. Rxf3 Nxc2 33. Rxg3 Qf2 34.
Rf1 Nb4+ 35. Ka3 Bb2+ 36. Kxb4 Qd2+ 0-1

[Event "CCM3 - 10. ORDIX Open"]
[Site "Mainz"]
[Date "2003.??.??"]
[Round "7"]
[White "Grischuk, Alexander"]
[Black "Miladinovic, Igor"]
[Result "1-0"]
[WhiteElo "2732"]
[BlackElo "2609"]
[PlyCount "49"]
[EventDate "2003.??.??"]
[EventType "rapid"]
[EventCountry "GER"]
[Source "Mike Rosa"]
[SourceDate "2009.01.01"]

1. e4 c5 2. Nf3 e6 3. d4 cxd4 4. Nxd4 a6 5. Bd3 Qc7 6. O-O Nf6 7. Qe2 Bd6 8.
Kh1 Nc6 9. Nxc6 bxc6 10. f4 e5 11. Nd2 O-O 12. Nc4 Re8 13. Qf3 Bb7 14. fxe5
Bxe5 15. Nxe5 Qxe5 16. Bf4 Qh5 17. Qxh5 Nxh5 18. Bd6 g6 19. Rf2 c5 20. Raf1 Re6
21. Bxc5 Rc8 22. b4 Bxe4 23. Rxf7 Bxd3 24. cxd3 h6 25. g4 1-0

[Event "CCM3 - 10. ORDIX Open"]
[Site "Mainz"]
[Date "2003.??.??"]
[Round "7"]
[White "Kasimdzhanov, Rustam"]
[Black "Huzman, Alexander"]
[Result "1/2-1/2"]
[WhiteElo "2664"]
[BlackElo "2574"]
[PlyCount "87"]
[EventDate "2003.??.??"]
[EventType "rapid"]
[EventCountry "GER"]
[Source "Mike Rosa"]
[SourceDate "2009.01.01"]

1. d4 Nf6 2. Nf3 e6 3. c4 b6 4. e3 Bb7 5. Bd3 d5 6. O-O dxc4 7. Bxc4 a6 8. Qe2
Nbd7 9. a4 c5 10. Nc3 Qc7 11. Rd1 Bd6 12. d5 exd5 13. Nxd5 Nxd5 14. Bxd5 Bxd5
15. Rxd5 Nf6 16. Rd1 O-O 17. b3 Ne4 18. Bb2 Rfe8 19. Rd5 Qc6 20. Rad1 b5 21.
Qc2 f6 22. Nh4 Rad8 23. Kf1 Bc7 24. Rxd8 Rxd8 25. Nf5 Qe6 26. Rxd8+ Bxd8 27.
Ng3 Nxg3+ 28. hxg3 Be7 29. axb5 axb5 30. Qd3 c4 31. bxc4 bxc4 32. Qd4 Qc6 33.
Bc3 Kf7 34. g4 Bd6 35. f4 Bc7 36. Qa7 Kg6 37. Kf2 h5 38. gxh5+ Kxh5 39. Qd4 Bb6
40. Qd1+ Kg6 41. Qg4+ Kf7 42. Qh5+ Kg8 43. Qf5 Kf7 44. Qe4 1/2-1/2

[Event "CCM3 - 10. ORDIX Open"]
[Site "Mainz"]
[Date "2003.??.??"]
[Round "7"]
[White "Nisipeanu, Liviu Dieter"]
[Black "Iordachescu, Viorel"]
[Result "1/2-1/2"]
[WhiteElo "2666"]
[BlackElo "2606"]
[PlyCount "41"]
[EventDate "2003.??.??"]
[EventType "rapid"]
[EventCountry "GER"]
[Source "Mike Rosa"]
[SourceDate "2009.01.01"]

1. Nf3 Nf6 2. c4 e6 3. g3 d5 4. Bg2 dxc4 5. O-O Be7 6. Na3 O-O 7. Nxc4 c5 8. b3
Nc6 9. Bb2 Nd5 10. Qc2 b5 11. Nce5 Nxe5 12. Nxe5 Bb7 13. Rad1 Nb4 14. Qb1 Bxg2
15. Kxg2 f6 16. Nf3 e5 17. Bc3 Nc6 18. Nh4 Re8 19. Nf5 Bf8 20. e4 Rc8 21. f4
1/2-1/2

[Event "CCM3 - 10. ORDIX Open"]
[Site "Mainz"]
[Date "2003.??.??"]
[Round "7"]
[White "Sokolov, Ivan"]
[Black "Agrest, Evgenij"]
[Result "1-0"]
[WhiteElo "2693"]
[BlackElo "2605"]
[PlyCount "55"]
[EventDate "2003.??.??"]
[EventType "rapid"]
[EventCountry "GER"]
[Source "Mike Rosa"]
[SourceDate "2009.01.01"]

1. d4 Nf6 2. c4 e6 3. Nc3 Bb4 4. Qc2 d6 5. e3 c5 6. Bd3 Nc6 7. Nge2 O-O 8. Bd2
cxd4 9. exd4 d5 10. cxd5 exd5 11. O-O h6 12. a3 Bd6 13. f3 Re8 14. Rae1 a6 15.
Qc1 Be6 16. Kh1 Nh5 17. g3 Qf6 18. Be3 Rad8 19. Rf2 Na5 20. g4 Qh4 21. gxh5 Bf5
22. Bxf5 Nb3 23. Qd1 Rxe3 24. Rg2 Rxf3 25. Rf1 Nd2 26. Rfg1 Nc4 27. Rxg7+ Kf8
28. Rg8+ 1-0

[Event "CCM3 - 10. ORDIX Open"]
[Site "Mainz"]
[Date "2003.??.??"]
[Round "8"]
[White "Agrest, Evgenij"]
[Black "Kasimdzhanov, Rustam"]
[Result "1/2-1/2"]
[WhiteElo "2605"]
[BlackElo "2664"]
[PlyCount "125"]
[EventDate "2003.??.??"]
[EventType "rapid"]
[EventCountry "GER"]
[Source "Mike Rosa"]
[SourceDate "2009.01.01"]

1. c4 e6 2. Nc3 d5 3. d4 Be7 4. cxd5 exd5 5. Bf4 c6 6. Qc2 Bd6 7. Bg3 Ne7 8. e3
Bf5 9. Qd2 Nc8 10. Be2 Nd7 11. Nf3 Bxg3 12. hxg3 Nd6 13. Nh4 Be6 14. Bd3 Qe7
15. Qc2 Nf6 16. Nf3 h6 17. Ne5 Nfe4 18. Nxe4 dxe4 19. Be2 Bd5 20. a3 a5 21. g4
a4 22. f4 Kd8 23. Qc5 Re8 24. Rc1 f6 25. Ng6 Qc7 26. f5 Qa5+ 27. Kf2 Qxc5 28.
dxc5 Nf7 29. Nf4 Bb3 30. Bc4 Bxc4 31. Rxc4 Ng5 32. Rd1+ Kc7 33. Rcd4 Re7 34.
Ne6+ Nxe6 35. fxe6 Rxe6 36. Rd7+ Kb8 37. Rxg7 Ra5 38. Rd8+ Ka7 39. Rd6 Rxd6 40.
cxd6 Kb6 41. d7 Kc7 42. d8=Q+ Kxd8 43. Rxb7 f5 44. gxf5 Rxf5+ 45. Kg1 Rb5 46.
Ra7 Rxb2 47. Rxa4 Ra2 48. Rxe4 Rxa3 49. Kf2 c5 50. Re6 c4 51. Rxh6 c3 52. Rc6
Ra2+ 53. Kf3 Rc2 54. e4 Rc1 55. Kf4 Kd7 56. Rc4 Kd6 57. Ke3 Rg1 58. Kf2 Rc1 59.
g4 Ke5 60. g5 Kf4 61. Ke2 Kxg5 62. Kd3 Kf4 63. Rxc3 1/2-1/2

[Event "CCM3 - 10. ORDIX Open"]
[Site "Mainz"]
[Date "2003.??.??"]
[Round "8"]
[White "Dreev, Alexey"]
[Black "Chuchelov, Vladimir"]
[Result "1/2-1/2"]
[WhiteElo "2698"]
[BlackElo "2608"]
[PlyCount "103"]
[EventDate "2003.??.??"]
[EventType "rapid"]
[EventCountry "GER"]
[Source "Mike Rosa"]
[SourceDate "2009.01.01"]

1. d4 Nf6 2. c4 e6 3. Nf3 b6 4. a3 Ba6 5. Qc2 Bb7 6. Nc3 c5 7. e4 cxd4 8. Nxd4
Nc6 9. Nxc6 Bxc6 10. Bf4 Bc5 11. Be2 O-O 12. Rd1 a5 13. O-O Qe7 14. Bg5 h6 15.
Bh4 e5 16. Kh1 Qe6 17. Nd5 Bxd5 18. cxd5 Qd6 19. Bb5 Nh5 20. Qe2 Nf4 21. Qg4
Ra7 22. Bg3 Qg6 23. Qxg6 fxg6 24. Rc1 g5 25. f3 Kf7 26. Be1 Ke7 27. g3 Nh5 28.
Bc3 Bd6 29. Kg2 Rc7 30. Bd2 Rfc8 31. Rb1 Rc2 32. Rfd1 Bc5 33. Ba6 Rc7 34. Bd3
Be3 35. d6+ Kxd6 36. Bxc2 Rxc2 37. Kf1 Bd4 38. Ke2 Nf6 39. g4 Ke6 40. Rdc1 Rxb2
41. Rxb2 Bxb2 42. Rb1 Bxa3 43. Rxb6+ Ke7 44. Bxa5 Bc5 45. Bb4 Bxb4 46. Rxb4 Nh7
47. Rb5 Ke6 48. Rb6+ Ke7 49. Kd3 Nf8 50. Kc4 Ne6 51. Kd5 Nd4 52. Rb2 1/2-1/2

[Event "CCM3 - 10. ORDIX Open"]
[Site "Mainz"]
[Date "2003.??.??"]
[Round "8"]
[White "Grischuk, Alexander"]
[Black "Sokolov, Ivan"]
[Result "1/2-1/2"]
[WhiteElo "2732"]
[BlackElo "2693"]
[PlyCount "62"]
[EventDate "2003.??.??"]
[EventType "rapid"]
[EventCountry "GER"]
[Source "Mike Rosa"]
[SourceDate "2009.01.01"]

1. e4 e5 2. Nf3 Nc6 3. Bb5 a6 4. Ba4 Nf6 5. O-O Be7 6. Re1 b5 7. Bb3 d6 8. c3
O-O 9. d4 Bg4 10. Be3 Bh5 11. h3 exd4 12. cxd4 d5 13. e5 Ne4 14. Nc3 Nxc3 15.
bxc3 Na5 16. Bc2 Nc4 17. g4 Bg6 18. Bf5 Bxf5 19. gxf5 f6 20. e6 Qe8 21. Nh4 g5
22. fxg6 hxg6 23. Kh1 Kh7 24. Rg1 Nxe3 25. fxe3 Rg8 26. Qg4 f5 27. Nxf5 gxf5
28. Qxf5+ Kh6 29. Rxg8 Qxg8 30. Rg1 Qh7 31. Qf4+ Kh5 1/2-1/2

[Event "CCM3 - 10. ORDIX Open"]
[Site "Mainz"]
[Date "2003.??.??"]
[Round "8"]
[White "Iordachescu, Viorel"]
[Black "Aronian, Levon"]
[Result "1/2-1/2"]
[WhiteElo "2606"]
[BlackElo "2649"]
[PlyCount "112"]
[EventDate "2003.??.??"]
[EventType "rapid"]
[EventCountry "GER"]
[Source "Mike Rosa"]
[SourceDate "2009.01.01"]

1. e4 e5 2. Nf3 Nc6 3. Bb5 a6 4. Ba4 Nf6 5. O-O Be7 6. Re1 b5 7. Bb3 O-O 8. c3
d5 9. exd5 Nxd5 10. Nxe5 Nxe5 11. Rxe5 c6 12. Re1 Bd6 13. g3 Bf5 14. d4 Qd7 15.
Be3 Rae8 16. Nd2 Bg4 17. Qb1 Bf5 18. Qd1 Bg4 19. Qb1 Bf5 20. Qc1 Bd3 21. Nf3
Qf5 22. Qd1 h6 23. Nh4 Qh7 24. Bd2 g5 25. Ng2 Qg6 26. a4 Nc7 27. axb5 axb5 28.
Re3 Kh8 29. Ne1 Be4 30. f3 Bf5 31. Ng2 Bd3 32. Be1 Rxe3 33. Nxe3 Re8 34. Bf2
Bf4 35. Ng4 Be2 36. Qb1 f5 37. Ne5 Bxe5 38. dxe5 Bxf3 39. Ra7 Ne6 40. Qd3 Bd5
41. Bxd5 cxd5 42. Ra6 Qh5 43. Qxd5 Nc7 44. Qd6 Nxa6 45. e6 Qg6 46. Qxa6 Qxe6
47. Qxb5 f4 48. Qb7 Re7 49. Qa8+ Kh7 50. Qf3 Qe2 51. Qd5 Qc2 52. Kg2 Re2 53.
Qf7+ Kh8 54. Qf8+ Kh7 55. Qf7+ Kh8 56. Qd5 Re7 1/2-1/2

[Event "CCM3 - 10. ORDIX Open"]
[Site "Mainz"]
[Date "2003.??.??"]
[Round "9"]
[White "Chuchelov, Vladimir"]
[Black "Zvjaginsev, Vadim"]
[Result "1-0"]
[WhiteElo "2608"]
[BlackElo "2653"]
[PlyCount "77"]
[EventDate "2003.??.??"]
[EventType "rapid"]
[EventCountry "GER"]
[Source "Mike Rosa"]
[SourceDate "2009.01.01"]

1. Nf3 Nf6 2. c4 e6 3. Nc3 d5 4. d4 Be7 5. Qc2 c6 6. e3 Nbd7 7. Bd3 dxc4 8.
Bxc4 b5 9. Bd3 Bb7 10. a3 a5 11. Ne4 Rc8 12. Nxf6+ gxf6 13. e4 Qb6 14. Be3 c5
15. d5 exd5 16. exd5 Bxd5 17. O-O-O b4 18. a4 b3 19. Qe2 Qb4 20. Bb5 Bc6 21.
Bd2 Bxb5 22. axb5 Qa4 23. Bc3 Nf8 24. Nd2 Ne6 25. Qc4 Qxc4 26. Nxc4 a4 27. Rhe1
O-O 28. Rd7 Rfe8 29. f4 Bf8 30. g3 Nd4 31. Rxe8 Rxe8 32. Bxd4 cxd4 33. Kd2 Bc5
34. b6 Kg7 35. b7 Ba7 36. Rc7 d3 37. Kxd3 Re1 38. Rc8 Rd1+ 39. Kc3 1-0

[Event "CCM3 - 10. ORDIX Open"]
[Site "Mainz"]
[Date "2003.??.??"]
[Round "9"]
[White "Dreev, Alexey"]
[Black "Grischuk, Alexander"]
[Result "0-1"]
[WhiteElo "2698"]
[BlackElo "2732"]
[PlyCount "92"]
[EventDate "2003.??.??"]
[EventType "rapid"]
[EventCountry "GER"]
[Source "Mike Rosa"]
[SourceDate "2009.01.01"]

1. d4 Nf6 2. c4 e6 3. Nf3 d5 4. Nc3 c6 5. e3 Nbd7 6. Bd3 dxc4 7. Bxc4 b5 8. Bd3
b4 9. Ne4 Nxe4 10. Bxe4 Bb7 11. O-O Bd6 12. Qc2 Rc8 13. a3 f5 14. Bd3 c5 15.
Qe2 c4 16. Bb1 bxa3 17. e4 fxe4 18. Bxe4 Bxe4 19. Qxe4 Qe7 20. Ng5 axb2 21.
Bxb2 Qxg5 22. Qxe6+ Qe7 23. Rfe1 Kd8 24. Qh3 Qf7 25. Re6 c3 26. Bc1 Bf4 27. d5
Bxc1 28. Rxc1 Qf4 29. Re3 Rf8 30. Rc2 Qf5 31. Qh4+ g5 32. Qa4 Qxd5 33. h3 Rf4
34. Qa3 Qd1+ 35. Kh2 Qxc2 36. Qa5+ Rc7 37. Qxg5+ Rf6 38. Qg8+ Rf8 39. Qd5 Qf5
40. Qa8+ Rc8 41. Qxa7 c2 42. Qa3 c1=Q 43. Qe7+ Kc7 44. Rg3 Qcc5 45. Qe1 Qfxf2
46. Qa1 Qxg3+ 0-1

[Event "CCM3 - 10. ORDIX Open"]
[Site "Mainz"]
[Date "2003.??.??"]
[Round "9"]
[White "Lobron, Eric"]
[Black "Vallejo Pons, Francisco"]
[Result "1/2-1/2"]
[WhiteElo "2497"]
[BlackElo "2662"]
[PlyCount "81"]
[EventDate "2003.??.??"]
[EventType "rapid"]
[EventCountry "GER"]
[Source "Mike Rosa"]
[SourceDate "2009.01.01"]

1. Nf3 d5 2. d4 Nf6 3. c4 e6 4. Nc3 c6 5. cxd5 exd5 6. Bg5 Be7 7. e3 Bf5 8. Bd3
Bxd3 9. Qxd3 Nbd7 10. O-O O-O 11. Rab1 a5 12. Qc2 Re8 13. a3 Bd6 14. Rfc1 h6
15. Bh4 Re6 16. Na4 Qe8 17. b4 axb4 18. axb4 b5 19. Nc5 Bxc5 20. dxc5 Ne4 21.
Nd4 Rg6 22. Ra1 Ne5 23. f3 Nf6 24. Qc3 Rxa1 25. Rxa1 Nc4 26. Bf2 Nd7 27. Ra7
Nde5 28. Qa1 Kh7 29. Qb1 Qb8 30. Ra2 Qc8 31. Kf1 Kh8 32. h4 h5 33. Nf5 Rf6 34.
Nd4 Kg8 35. Qa1 Kh7 36. Qb1+ Rg6 37. Nf5 Qe6 38. Nd4 Qf6 39. Nf5 Nd7 40. Nd4
Nf8 41. Qf5 1/2-1/2

[Event "CCM3 - 10. ORDIX Open"]
[Site "Mainz"]
[Date "2003.??.??"]
[Round "9"]
[White "Sokolov, Ivan"]
[Black "Vaganian, Rafael"]
[Result "1/2-1/2"]
[WhiteElo "2693"]
[BlackElo "2623"]
[PlyCount "41"]
[EventDate "2003.??.??"]
[EventType "rapid"]
[EventCountry "GER"]
[Source "Mike Rosa"]
[SourceDate "2009.01.01"]

1. d4 d5 2. c4 e6 3. Nc3 Be7 4. Nf3 Nf6 5. Bf4 O-O 6. e3 Nbd7 7. a3 c5 8. cxd5
Nxd5 9. Nxd5 exd5 10. dxc5 Nxc5 11. Be5 Bf6 12. Bxf6 Qxf6 13. Qd4 Qd6 14. Rd1
Rd8 15. Bd3 Nxd3+ 16. Rxd3 Bf5 17. Rc3 Be4 18. O-O Bxf3 19. gxf3 Qg6+ 20. Kh1
Qf5 21. Qg4 1/2-1/2

[Event "CCM3 - 10. ORDIX Open"]
[Site "Mainz"]
[Date "2003.??.??"]
[Round "10"]
[White "Agrest, Evgenij"]
[Black "Chuchelov, Vladimir"]
[Result "1-0"]
[WhiteElo "2605"]
[BlackElo "2608"]
[PlyCount "97"]
[EventDate "2003.??.??"]
[EventType "rapid"]
[EventCountry "GER"]
[Source "Mike Rosa"]
[SourceDate "2009.01.01"]

1. c4 Nf6 2. Nc3 e5 3. Nf3 Nc6 4. d3 d5 5. cxd5 Nxd5 6. g3 Be7 7. Bg2 Be6 8.
O-O O-O 9. a3 f6 10. e4 Nb6 11. Be3 Nd4 12. Bxd4 exd4 13. Ne2 c5 14. Nf4 Bf7
15. e5 Qc7 16. Re1 fxe5 17. Rxe5 Bf6 18. Re4 Rae8 19. Nd2 Bg5 20. Rc1 Rxe4 21.
Nxe4 Bxf4 22. Rxc5 Qb8 23. gxf4 Qxf4 24. Qc1 Qxc1+ 25. Rxc1 Rc8 26. Rxc8+ Nxc8
27. Kf1 b6 28. Ke2 Kf8 29. Bh3 Ne7 30. Nd6 Bh5+ 31. Kd2 Nc6 32. Bg2 Ne5 33. Nb5
Bg6 34. Be4 Bxe4 35. dxe4 Nf3+ 36. Ke2 Nxh2 37. f3 d3+ 38. Kf2 d2 39. Nc3 g5
40. Kg2 Nxf3 41. Kxf3 h5 42. Ke3 Ke7 43. Kxd2 Ke6 44. Ke3 Ke5 45. Ne2 h4 46.
Nc1 h3 47. Nd3+ Ke6 48. Kf3 g4+ 49. Kxg4 1-0

[Event "CCM3 - 10. ORDIX Open"]
[Site "Mainz"]
[Date "2003.??.??"]
[Round "10"]
[White "Epishin, Vladimir"]
[Black "Sokolov, Ivan"]
[Result "1/2-1/2"]
[WhiteElo "2642"]
[BlackElo "2693"]
[PlyCount "52"]
[EventDate "2003.??.??"]
[EventType "rapid"]
[EventCountry "GER"]
[Source "Mike Rosa"]
[SourceDate "2009.01.01"]

1. d4 d5 2. c4 c6 3. Nf3 Nf6 4. Nc3 dxc4 5. a4 Bf5 6. Nh4 Bc8 7. e3 e5 8. Bxc4
exd4 9. exd4 Be7 10. O-O O-O 11. Re1 Na6 12. Bxa6 bxa6 13. Nf3 Be6 14. Bg5 h6
15. Bh4 Re8 16. a5 Bg4 17. h3 Bxf3 18. Qxf3 Qxd4 19. Qxc6 Qxh4 20. Rxe7 Rxe7
21. Qxa8+ Kh7 22. Qf3 Qb4 23. Qd3+ Kg8 24. Qd2 Rd7 25. Qe2 Re7 26. Qd2 Rd7
1/2-1/2

[Event "CCM3 - 10. ORDIX Open"]
[Site "Mainz"]
[Date "2003.??.??"]
[Round "10"]
[White "Pinter, Jozsef"]
[Black "Kasimdzhanov, Rustam"]
[Result "1/2-1/2"]
[WhiteElo "2562"]
[BlackElo "2664"]
[PlyCount "51"]
[EventDate "2003.??.??"]
[EventType "rapid"]
[EventCountry "GER"]
[Source "Mike Rosa"]
[SourceDate "2009.01.01"]

1. d4 Nf6 2. c4 e6 3. Nf3 d5 4. Nc3 Be7 5. cxd5 exd5 6. Bg5 c6 7. Qc2 Nbd7 8.
e3 O-O 9. Bd3 Re8 10. O-O Nf8 11. Rab1 a5 12. Rbe1 Be6 13. Ne5 N6d7 14. Bxe7
Rxe7 15. Nxd7 Bxd7 16. Na4 b6 17. Rc1 Re6 18. Bf5 Rh6 19. Bxd7 Nxd7 20. Qf5 Rf6
21. Qg4 Rg6 22. Qf5 Qe7 23. Rc2 Rf6 24. Qg4 Rg6 25. Qf5 Rf6 26. Ra1 1/2-1/2

[Event "CCM3 - 10. ORDIX Open"]
[Site "Mainz"]
[Date "2003.??.??"]
[Round "10"]
[White "Vallejo Pons, Francisco"]
[Black "Grischuk, Alexander"]
[Result "1/2-1/2"]
[WhiteElo "2664"]
[BlackElo "2732"]
[PlyCount "27"]
[EventDate "2003.??.??"]
[EventType "rapid"]
[EventCountry "GER"]
[Source "Mike Rosa"]
[SourceDate "2009.01.01"]

1. e4 e5 2. Nf3 Nc6 3. Bb5 a6 4. Ba4 Nf6 5. O-O b5 6. Bb3 Bc5 7. d3 d6 8. a4
Rb8 9. axb5 axb5 10. Be3 O-O 11. Nbd2 Bxe3 12. fxe3 Be6 13. Bxe6 fxe6 14. Nb3
1/2-1/2

[Event "CCM3 - 10. ORDIX Open"]
[Site "Mainz"]
[Date "2003.??.??"]
[Round "11"]
[White "Glek, Igor"]
[Black "Epishin, Vladimir"]
[Result "0-1"]
[WhiteElo "2587"]
[BlackElo "2642"]
[PlyCount "88"]
[EventDate "2003.??.??"]
[EventType "rapid"]
[EventCountry "GER"]
[Source "Mike Rosa"]
[SourceDate "2009.01.01"]

1. e4 c6 2. c4 d5 3. cxd5 cxd5 4. exd5 Nf6 5. Nc3 Nxd5 6. Nf3 e6 7. Bc4 Be7 8.
O-O O-O 9. Re1 Nf6 10. d4 Nbd7 11. Bg5 Nb6 12. Bb3 Bd7 13. Qd3 Bc6 14. Ne5 Nbd5
15. Qh3 Rc8 16. Rad1 Rc7 17. Bc2 g6 18. Bh6 Nh5 19. Nxc6 bxc6 20. Bxf8 Bxf8 21.
Qf3 Qb8 22. Bb3 a5 23. g3 Qb4 24. Rc1 Bd6 25. Red1 Kg7 26. Ne4 Be7 27. Rc4 Qb5
28. Rdc1 Nb6 29. Rc5 Bxc5 30. Rxc5 Qb4 31. g4 f5 32. Ng5 Qe1+ 33. Kg2 fxg4 34.
Qxg4 Re7 35. Rxc6 Nd5 36. Nxe6+ Rxe6 37. Bxd5 Rxc6 38. Bxc6 Qd2 39. Qe4 Qxb2
40. Qe5+ Kf8 41. Bf3 Qxa2 42. Bxh5 gxh5 43. Qh8+ Qg8+ 44. Qxg8+ Kxg8 0-1

[Event "CCM3 - 10. ORDIX Open"]
[Site "Mainz"]
[Date "2003.??.??"]
[Round "11"]
[White "Tregubov, Pavel"]
[Black "Pinter, Jozsef"]
[Result "0-1"]
[WhiteElo "2635"]
[BlackElo "2562"]
[PlyCount "124"]
[EventDate "2003.??.??"]
[EventType "rapid"]
[EventCountry "GER"]
[Source "Mike Rosa"]
[SourceDate "2009.01.01"]

1. d4 Nf6 2. c4 e6 3. Nf3 d5 4. e3 Nbd7 5. b3 Be7 6. Bb2 O-O 7. Bd3 c5 8. O-O
b6 9. Nc3 cxd4 10. exd4 Bb7 11. Qe2 Rc8 12. Rfd1 Bb4 13. a3 Be7 14. Rac1 Re8
15. Nb5 a6 16. Nc3 dxc4 17. bxc4 Nf8 18. Ne5 Ng6 19. Qe3 Qc7 20. Re1 Bf8 21. h3
Red8 22. Ne2 Nxe5 23. dxe5 Qc6 24. Nf4 Nh5 25. Be4 Qxe4 26. Qxe4 Bxe4 27. Rxe4
Nxf4 28. Rxf4 Rd2 29. Bd4 Bxa3 30. Ra1 Rxd4 31. Rxd4 Bb2 32. Rdd1 Bxa1 33. Rxa1
a5 34. Rb1 Rxc4 35. Rxb6 a4 36. Ra6 g5 37. Ra5 h5 38. g3 Kg7 39. Kg2 Kg6 40.
Ra7 g4 41. h4 Rb4 42. Ra8 Kg7 43. Ra7 Re4 44. Ra5 Kf8 45. Ra7 Ke8 46. Kf1 Rb4
47. Kg2 Rc4 48. Kf1 Rc1+ 49. Ke2 Ra1 50. Ke3 Ra2 51. Ra8+ Ke7 52. Ra7+ Kf8 53.
Ra8+ Kg7 54. Ra5 Ra3+ 55. Ke2 Kg6 56. Ra7 Ra1 57. Ra8 a3 58. Ke3 Kf5 59. Ke2
Kxe5 60. Ra5+ Ke4 61. Rxh5 Ra2+ 62. Ke1 Rb2 0-1

[Event "CCM3 - 10. ORDIX Open"]
[Site "Mainz"]
[Date "2003.??.??"]
[Round "11"]
[White "Volokitin, Andrei"]
[Black "Vallejo Pons, Francisco"]
[Result "1-0"]
[WhiteElo "2597"]
[BlackElo "2662"]
[PlyCount "69"]
[EventDate "2003.??.??"]
[EventType "rapid"]
[EventCountry "GER"]
[Source "Mike Rosa"]
[SourceDate "2009.01.01"]

1. e4 c6 2. d4 d5 3. Nc3 dxe4 4. Nxe4 Bf5 5. Ng3 Bg6 6. N1e2 e6 7. h4 h6 8. Nf4
Bh7 9. Bd3 Bxd3 10. Qxd3 Nf6 11. Bd2 Qc7 12. O-O-O Nbd7 13. Nfh5 O-O-O 14. Qf3
Rg8 15. Kb1 Be7 16. Rhe1 Qd6 17. c4 Qxd4 18. Bb4 Qxd1+ 19. Rxd1 Bxb4 20. Nxf6
Nxf6 21. Rxd8+ Rxd8 22. Nh5 Nxh5 23. Qxh5 Rd7 24. c5 Bd2 25. Qe5 g6 26. g4 a6
27. a3 Kd8 28. Qf6+ Ke8 29. f4 h5 30. f5 exf5 31. gxf5 Rd5 32. Qh8+ Ke7 33. Qc8
Rxc5 34. Qc7+ Kf8 35. Qd6+ 1-0